ARRUPE JESUIT UNIVERSITY

CORONAVIRUS -STOP THE SPREAD - CLEAN,DISINFECT,COVER

Economic sanctions reconsidered / (Record no. 121137)

MARC details
000 -LEADER
fixed length control field 01959cam a2200421 a 4500
001 - CONTROL NUMBER
control field 15040233
003 - CONTROL NUMBER IDENTIFIER
control field ARRUPE
005 - DATE AND TIME OF LATEST TRANSACTION
control field 20150324020007.0
008 - FIXED-LENGTH DATA ELEMENTS--GENERAL INFORMATION
fixed length control field 071011s2007 dcua b 001 0 eng
010 ## - LIBRARY OF CONGRESS CONTROL NUMBER
LC control number 2007041753
020 ## - INTERNATIONAL STANDARD BOOK NUMBER
International Standard Book Number 9780881324075 (case bound : alk. paper)
020 ## - INTERNATIONAL STANDARD BOOK NUMBER
International Standard Book Number 0881324078 (case bound : alk. paper)
020 ## - INTERNATIONAL STANDARD BOOK NUMBER
International Standard Book Number 9780881324082 (case bound with cdrom : alk. paper)
020 ## - INTERNATIONAL STANDARD BOOK NUMBER
International Standard Book Number 0881324086 (case bound with cdrom : alk. paper)
020 ## - INTERNATIONAL STANDARD BOOK NUMBER
International Standard Book Number 9780881324129 (pbk. : alk. paper)
020 ## - INTERNATIONAL STANDARD BOOK NUMBER
International Standard Book Number 0881324124 (pbk. : alk. paper)
020 ## - INTERNATIONAL STANDARD BOOK NUMBER
International Standard Book Number 9780881322682 (paper with cdrom : alk. paper)
020 ## - INTERNATIONAL STANDARD BOOK NUMBER
International Standard Book Number 0881322687 (paper with cdrom : alk. paper)
035 ## - SYSTEM CONTROL NUMBER
System control number (OCoLC)ocn175217782
035 ## - SYSTEM CONTROL NUMBER
System control number (OCoLC)175217782
Canceled/invalid control number (OCoLC)153582463
-- (OCoLC)153582563
040 ## - CATALOGING SOURCE
Original cataloging agency DLC
Transcribing agency DLC
Modifying agency BTCTA
-- BAKER
-- YDXCP
-- C#P
-- DLC
050 00 - LIBRARY OF CONGRESS CALL NUMBER
Classification number HF1413.5
Item number .H84 2007
082 00 - DEWEY DECIMAL CLASSIFICATION NUMBER
Classification number 327.1/17
Edition number 22
300 ## - PHYSICAL DESCRIPTION
Other physical details ill. ;
Dimensions 24 cm.
245 00 - TITLE STATEMENT
Title Economic sanctions reconsidered /
Statement of responsibility, etc Gary Clyde Hufbauer ... [et al.].
250 ## - EDITION STATEMENT
Edition statement 3rd ed., Expanded ed.
260 ## - PUBLICATION, DISTRIBUTION, ETC. (IMPRINT)
Place of publication, distribution, etc Washington, DC :
Name of publisher, distributor, etc Peterson Institute for International Economics,
Date of publication, distribution, etc 2007.
300 ## - PHYSICAL DESCRIPTION
Extent xiii, 233 p. :
500 ## - GENERAL NOTE
General note Prev. ed. was entered under the authors name: Hufbauer, Gary Clyde.
504 ## - BIBLIOGRAPHY, ETC. NOTE
Bibliography, etc Includes bibliographical references (p. 215-222) and index.
505 0# - FORMATTED CONTENTS NOTE
Formatted contents note Analyzing the utility of sanctions -- Political variables -- Economic variables -- Sanctions after the Cold War -- Conclusions and policy recommendations.
650 #0 - SUBJECT ADDED ENTRY--TOPICAL TERM
Topical term or geographic name as entry element Economic sanctions.
9 (RLIN) 12239
650 #0 - SUBJECT ADDED ENTRY--TOPICAL TERM
Topical term or geographic name as entry element Economic sanctions
Form subdivision Case studies.
9 (RLIN) 12240
700 1# - ADDED ENTRY--PERSONAL NAME
Personal name Hufbauer, Gary Clyde.
9 (RLIN) 12241
856 41 - ELECTRONIC LOCATION AND ACCESS
Materials specified Table of contents only
Uniform Resource Identifier <a href="http://www.loc.gov/catdir/toc/ecip082/2007041753.html">http://www.loc.gov/catdir/toc/ecip082/2007041753.html</a>
906 ## - LOCAL DATA ELEMENT F, LDF (RLIN)
a 7
b cbc
c orignew
d 1
e ecip
f 20
g y-gencatlg
942 ## - ADDED ENTRY ELEMENTS (KOHA)
Source of classification or shelving scheme Library of Congress Classification
Koha item type Monograph ( Printed materials)
Koha issues (borrowed), all copies 11
Holdings
Withdrawn status Lost status Source of classification or shelving scheme Damaged status Not for loan Collection code Home library Current library Shelving location Date acquired Total Checkouts Full call number Barcode Date last seen Date checked out Price effective from Koha item type
    Library of Congress Classification     Main Collection ARRUPE LIBRARY ARRUPE LIBRARY Main Collection 17/10/2014 11 HF1413.5 .H84 2007 46500003752 30/04/2018 23/03/2015 17/10/2014 Monograph ( Printed materials)

 

Arrupe Library. PO Box MP320 Mt Pleasant, Harare, Zimbabwe
263 242 745411|librarian@aju.ac.zw